000 00692nam a2200193Ia 4500
001 10808
003 GE_BSU
008 181216s||||||||xx |||||||||||||| ||und||
040 _cGE_BSU
080 _a821.353.1-2
245 _aქართველ დრამატურგთა პიესები.
245 _cრედ.შ.აფხაიძე,გ.ნანიტაშვილი;მხატვ.მ.კიკნაველიძე.
260 _aთბილისი.
260 _bხელოვნება.
260 _c1959.
300 _a590გვ;22სმ.
653 _aქართველ დრამატურგთა პიესები.
942 _cBK
999 _c44056
_d44056